El levantamiento del velo en el derecho administrativo: régimen de contratación de los entes instrumentales de la administración, entre sí y con terceros
I tiakina i:
| Kaituhi matua: | |
|---|---|
| Hōputu: | Pukapuka |
| Reo: | Pāniora |
| I whakaputaina: |
Madrid
La Ley
2004
|
| Ngā marau: | |
| Ngā Tūtohu: |
Tāpirihia he Tūtohu
Kāore He Tūtohu, Me noho koe te mea tuatahi ki te tūtohu i tēnei pūkete!
|
MARC
| LEADER | 00000nam a2200000 a 4500 | ||
|---|---|---|---|
| 001 | UCK7059 | ||
| 003 | CL-VaPUC | ||
| 008 | 051028e20040000SP |||||||||||||||||spa|d | ||
| 020 | |a 849725533X | ||
| 082 | 0 | 4 | |a 342.46 |b ORT |2 21 |
| 100 | |a Ortiz Vaamonde, Santiago |e autor |9 496529 | ||
| 245 | 1 | 3 | |a El levantamiento del velo en el derecho administrativo: régimen de contratación de los entes instrumentales de la administración, entre sí y con terceros |
| 300 | |a 599 p | ||
| 942 | |c BK | ||
| 945 | |d 20051028 00:00:00 |a jcarroza | ||
| 260 | |a Madrid |b La Ley |c 2004 | ||
| 650 | 0 | |a Derecho administrativo |9 254851 | |
| 650 | 0 | |a Aspectos legales |9 323328 | |
| 650 | 0 | |a Administración pública |9 255343 | |
| 583 | |a last modification |c 20051028 00:00:00 |k Rodrigo Vera | ||
| 999 | |c 315152 |d 315150 | ||
| 952 | |0 0 |1 0 |4 0 |6 342_460000000000000_ORT_2004 |7 0 |8 A |9 388111 |a BIBDER |b BIBDER |d 2019-11-22 |i 4179293 |o 342.46 ORT 2004 |p 4179293 |r 2023-01-25 |w 2019-11-22 |y BK |k DER | ||